Search the Library Catalogue
| 000 -LEADER | |
|---|---|
| fixed length control field | 00720nam a2200277Ia 4500 |
| 003 - CONTROL NUMBER IDENTIFIER | |
| control field | OSt |
| 005 - DATE AND TIME OF LATEST TRANSACTION | |
| control field | 20260511095652.0 |
| 008 - FIXED-LENGTH DATA ELEMENTS--GENERAL INFORMATION | |
| fixed length control field | 210417s9999 xx 000 0 und d |
| 020 ## - INTERNATIONAL STANDARD BOOK NUMBER | |
| International Standard Book Number | 9780590108447 |
| 040 ## - CATALOGING SOURCE | |
| Transcribing agency | - |
| 050 ## - LIBRARY OF CONGRESS CALL NUMBER | |
| Classification number | 823.0083 |
| Item number | ABB |
| 082 ## - DEWEY DECIMAL CLASSIFICATION NUMBER | |
| Classification number | 823.0083 |
| Item number | ABB |
| Item number | 2.823.0083ABB |
| 100 ## - MAIN ENTRY--PERSONAL NAME | |
| Personal name | Abbott, Tony |
| 245 #0 - TITLE STATEMENT | |
| Title | The Sleeping Giant of Goll |
| Statement of responsibility, etc. | by Tony Abbott; Illustrated by Tim Jessell |
| Statement of responsibility, etc. | The Sleeping Giant of Goll |
| 250 ## - EDITION STATEMENT | |
| Remainder of edition statement | "91p. : ill,pbk" |
| 260 ## - PUBLICATION, DISTRIBUTION, ETC. | |
| Place of publication, distribution, etc. | New York |
| Name of publisher, distributor, etc. | Scholastic Inc., |
| Date of publication, distribution, etc. | 2000 |
| 300 ## - PHYSICAL DESCRIPTION | |
| Extent | 91p. |
| 490 ## - SERIES STATEMENT | |
| Materials specified | pbk |
| 700 ## - ADDED ENTRY--PERSONAL NAME | |
| Personal name | "Abbot,Tony" |
| Numeration | Tony Abbot ; illustrated by Tim Jessell |
| 942 ## - ADDED ENTRY ELEMENTS (KOHA) | |
| Source of classification or shelving scheme | Dewey Decimal Classification |
| Koha item type | English Books |
| Withdrawn status | Lost status | Source of classification or shelving scheme | Damaged status | Not for loan | Home library | Current library | Shelving location | Date acquired | Total Checkouts | Full call number | Barcode | Date due | Date last seen | Date last checked out | Price effective from | Koha item type |
|---|---|---|---|---|---|---|---|---|---|---|---|---|---|---|---|---|
| Dewey Decimal Classification | Anna Centenary Library | Anna Centenary Library | CHILDREN SECTION-1ST FLOOR, B WING | 16.11.2010 | 7 | 823.0083 ABB | 598260 | 11.05.2026 | 11.04.2026 | 11.04.2026 | 17.04.2021 | English Books | ||||
| Dewey Decimal Classification | Anna Centenary Library | Anna Centenary Library | CHILDREN SECTION-1ST FLOOR, B WING | 16.11.2010 | 1 | 823.0083 ABB | 354950 | 07.06.2026 | 08.05.2026 | 08.05.2026 | 04.02.2026 | English Books | ||||
| Dewey Decimal Classification | Anna Centenary Library | Anna Centenary Library | CHILDREN SECTION-1ST FLOOR, B WING | 14.12.2010 | 823.0083 ABB | 431093 | 11.05.2026 | 11.05.2026 | English Books |